Responses for show #4056 - Monday, April 1, 2002

Contestants

[<< previous game]

Ben Studdard, a trial judge from Henry County, Georgia

Brendan Roche, an account manager from Troy, New York

Mary Llewellyn, an engineer from Los Angeles, California (whose 2-day cash winnings total $29,100)

[next game >>]

Jeopardy! Round responses

IT HAPPENED ON APRIL FOOL'S DAY
STUPID ANSWERS AT THE MOVIES
I HURT MY FOOT
CROSSWORD CLUES "R"
ORIGINS
KNIGHTY KNIGHT
    $200 16
the Civil War

Brendan
    $200 26
Home Alone

Ben
    $200 21
a sprain

Mary
    $200 11
a robin

Brendan
    $200 6
a sneeze

Mary
    $200 1
Sir Edmund Hillary

Ben
    $400 17
the BBC

Brendan
    $400 27
The Graduate

Ben
    $1,000 22
shoot yourself in the foot

Mary
    $400 12
rex

Mary
    $400 7
blue

Mary
    $400 2
King Arthur

Brendan
    $600 18
the Air Force

Ben
    $600 28
Serendipity

Mary
    $600 23
the arch

Brendan
    $600 13
rue

Mary
    $600 8
gravestones (tombstones)

Mary
    $600 3
X-rays

Mary
    $800 19
Ali MacGraw

Triple Stumper
    $800 29
Platoon

Ben
    $800 24
(Ben: What is the talus?)
(Brendan: What are the carpals?)

the metatarsals

MaryBrendanBen
    $800 14
rabbi

Ben
    $800 9
9

Mary
    $800 4
Sir Galahad

Mary
    $1000 20
Bismarck

Mary
    $1000 30
10

Ben
    $1000 25
Raynaud's disease

Triple Stumper
    $1000 15
rubberneck

Brendan
    $1000 10
pants

Brendan
    $1000 5
Sir Charlie Chaplin

Triple Stumper

Scores at the first commercial break (after clue 15):

Mary Brendan Ben
$4,400 $2,600 $1,000

Scores at the end of the Jeopardy! Round:

Mary Brendan Ben
$8,000 $3,000 $3,200

Double Jeopardy! Round responses

OFF TO A GOOD START
METAPHYSICS
MONEY PROBLEMS
ENDS IN "ING"
PLANET OF THE APES
APES OF THE PLANET
    $400 21
"Rip Van Winkle"

Ben
    $400 8
(Ben: What is Plato?)

Aristotle

Ben
Triple Stumper
    $400 26
(Mary: What is one thousand million?)
...
(Alex: I thought you said, Mary, "one thousand million".)
(Mary: Which is a [*].)
(Alex: I know it's a [*],
but you didn't say, "a [*].")

one blllion

MaryBrendan
    $400 16
pudding

Brendan
    $400 1
Rod Serling

Brendan
    $400 6
a nap

Ben
    $800 22
The Charge of the Light Brigade

Ben
    $800 9
existentialism

Mary
    $800 27
$11.25

Brendan
    $800 17
a landing

Ben
    $800 2
Charlton Heston

Brendan
    $800 7
an orangutan

Mary
    $1200 23
(Brendan: What is Great Expectations?)

David Copperfield

Brendan
Triple Stumper
    $1200 10
a phenomenon

Mary
    $2,800 28
(Alex: A twenty, a ten,
a five, and a one.)

4

Brendan
    $1200 18
the cutting room

Brendan
    $1200 3
(Mary: Who is Charlton Heston?)

Michael Clarke Duncan

Mary
Triple Stumper
    $1200 13
toes--big toes

Ben
    $1600 24
(Ben: What is The Hunchback of Notre Dame?)

Les Miserables

MaryBen
    $1,000 11
St. Thomas Aquinas

Mary
    $1600 29
12

Mary
    $1600 19
(Mary: What is...)
(Brendan: What is a beheading?)
...
(Alex: It was [*], where they load stones on the body and slowly crush him and suffocate him.)

pressing

MaryBrendan
Triple Stumper
    $1600 4
Roddy McDowall

Brendan
    $1600 14
(Mary: What is bipedal?)

knuckle walking

Mary
Triple Stumper
    $2000 25
(Alex: Less than a minute now.)

Caesar and Cleopatra

Mary
    $2000 12
Liebniz

Ben
    $2000 30
(Ben: What is 1,000?)

10,000

Ben
Triple Stumper
    $2000 20
incoming

Ben
    $2000 5
Bridge on the River Kwai

Ben
    $2000 15
Koko

Mary

Scores at the end of the Double Jeopardy! Round:

Mary Brendan Ben
$14,200 $8,600 $8,800

[wagering suggestions for these scores]

Final Jeopardy! Round responses

U.S. STAMPS
(Ben: My daughter.)
BrendanWho is Harry Houdini?
$8,500
BenWho is Gracie Studdard
$8,500
MaryWho is ??
$3,401
Harry Houdini

Final scores:

Mary Brendan Ben
$10,799 $17,100 $300
2nd place: trip to the Caribbean on Princess Cruise New champion: $17,100 3rd place: trip to Miami & stay at the Cardoza Hotel

Game dynamics:

Coryat scores:

Mary Brendan Ben
$14,200 $7,000 $8,800
21 R
(including 2 DDs),
4 W
15 R
(including 1 DD),
3 W
15 R,
4 W

Combined Coryat: $30,000

The J! Archive is created by fans, for fans. The Jeopardy! game show and all elements thereof, including but not limited to copyright and trademark thereto, are the property of Jeopardy Productions, Inc. and are protected under law. This website is not affiliated with, sponsored by, or operated by Jeopardy Productions, Inc. Join the discussion at JBoard.tv.